Statistiken für Berliner Ortsteile mit Karte

Klicken Sie hier um das Quiz zu spielen!

Allgemein

  • Dieses Quiz wurde 3.750 mal gespielt
    (2.910 seit der letzten Aktualisierung)
  • Das Durchschnittsergebnis liegt bei 48 aus 97

Antworten auf der Karte

Die Antworten werden auf der Karte rot bzw. grün angezeigt, abhängig davon wie oft sie richtig erraten wurden.
 

Antwortstatistiken

Ortsteil% Korrekt
Mitte
93%
Kreuzberg
88%
Neukölln
88%
Spandau
88%
Charlottenburg
86%
Köpenick
84%
Pankow
83%
Marzahn
82%
Friedrichshain
81%
Schöneberg
79%
Tempelhof
79%
Wedding
77%
Hellersdorf
76%
Tegel
75%
Lichtenberg
74%
Wilmersdorf
74%
Steglitz
73%
Zehlendorf
73%
Prenzlauer Berg
72%
Reinickendorf
72%
Wannsee
71%
Tiergarten
68%
Moabit
66%
Rudow
61%
Gesundbrunnen
59%
Grunewald
59%
Buch
55%
Lichterfelde
55%
Mariendorf
54%
Westend
52%
Britz
51%
Lichtenrade
51%
Weißensee
51%
Dahlem
50%
Gropiusstadt
50%
Marienfelde
50%
Gatow
48%
Friedenau
47%
Hansaviertel
47%
Kladow
47%
Alt-Treptow
46%
Nikolassee
46%
Siemensstadt
46%
Staaken
46%
Adlershof
45%
Buckow
45%
Frohnau
45%
Oberschöneweide
44%
Wittenau
44%
Alt-Hohenschönhausen
43%
Lankwitz
43%
Biesdorf
42%
Grünau
42%
Kaulsdorf
42%
Charlottenburg-Nord
41%
Mahlsdorf
41%
Märkisches Viertel
41%
Schlachtensee
41%
Französisch Buchholz
40%
Halensee
40%
Karow
40%
Neu-Hohenschönhausen
40%
Niederschöneweide
40%
Rummelsburg
40%
Baumschulenweg
39%
Friedrichsfelde
38%
Altglienicke
37%
Karlshorst
37%
Schmargendorf
37%
Haselhorst
36%
Heiligensee
36%
Friedrichshagen
35%
Müggelheim
35%
Plänterwald
34%
Heinersdorf
33%
Hermsdorf
33%
Johannisthal
33%
Malchow
33%
Niederschönhausen
33%
Rahnsdorf
33%
Lübars
32%
Schmöckwitz
32%
Blankenburg
31%
Blankenfelde
31%
Falkenhagener Feld
31%
Waidmannslust
31%
Rosenthal
30%
Wilhelmsruh
30%
Wilhelmstadt
30%
Hakenfelde
29%
Wartenberg
29%
Fennpfuhl
28%
Stadtrandsiedlung Malchow
27%
Borsigwalde
26%
Falkenberg
26%
Konradshöhe
26%
Bohnsdorf
25%

Verteilung der Resultate

Perzentil nach korrekt beantworteten Fragen

Anzahl Personen mit jedem Resultat

Ihre Resultats-Entwicklung

Sie haben dieses Quiz seit der letzten Aktualisierung nicht gespielt